Advances in applied microbiology. V 21 (Record no. 26009)

MARC details
000 -LEADER
fixed length control field 00361nam a2200133Ia 4500
082 ## - DEWEY DECIMAL CLASSIFICATION NUMBER
Classification number 579.6
Item number ADV.21;1
245 #0 - TITLE STATEMENT
Title Advances in applied microbiology. V 21
260 ## - PUBLICATION, DISTRIBUTION, ETC. (IMPRINT)
Place of publication New York
Name of publisher Academic
Year of publication 1977
650 ## - SUBJECT ADDED ENTRY--TOPICAL TERM
Topical Term Antibiotic biosynthesis
650 ## - SUBJECT ADDED ENTRY--TOPICAL TERM
Topical Term Applied microbiology
650 ## - SUBJECT ADDED ENTRY--TOPICAL TERM
Topical Term Fermentation
942 ## - ADDED ENTRY ELEMENTS (KOHA)
Koha item type Books
Holdings
Withdrawn status Lost status Damaged status Not for loan Home library Current library Date acquired Full call number Accession Number Koha item type
        RRII Library RRII Library 16/12/2021 579.6 ADV.21;1 06649 Books